000 00564nam a2200181Ia 4500
008 090124s9999 xx 000 0 und d
082 _b118539
100 _aमेंगजी अशोक / काकडे द.स.
245 _a मायादेवी
250 _a1
260 _c1980
300 _a224
600 _aमेंगजी अशोक / काकडे द.स.
630 _a मायादेवी
700 _aमेंगजी अशोक / काकडे द.स.
730 _a मायादेवी
942 _cBOOK
999 _c164625
_d164625